The President, Congress, and legislation, (Record no. 9688)

MARC details
000 -LEADER
fixed length control field 00885cam a2200277u 4500
001 - CONTROL NUMBER
control field 7406046
005 - DATE AND TIME OF LATEST TRANSACTION
control field 20260507162345.0
008 - FIXED-LENGTH DATA ELEMENTS--GENERAL INFORMATION
fixed length control field 830202s1946 nyu 000 0 eng
010 ## - LIBRARY OF CONGRESS CONTROL NUMBER
LC control number a 46004849
035 ## - SYSTEM CONTROL NUMBER
System control number 7406046
040 ## - CATALOGING SOURCE
Transcribing agency IRDP
043 ## - GEOGRAPHIC AREA CODE
Geographic area code n-us---
050 00 - LIBRARY OF CONGRESS CALL NUMBER
Classification number H31
Item number .C7 no. 523
051 ## - LIBRARY OF CONGRESS COPY, ISSUE, OFFPRINT STATEMENT
Classification number JK585
Item number .C5 1946a
082 ## - DEWEY DECIMAL CLASSIFICATION NUMBER
Edition number 320.4 CHA
100 1# - MAIN ENTRY--PERSONAL NAME
Personal name Chamberlain, Lawrence H.
Fuller form of name (Lawrence Henry),
Dates associated with a name 1906-1989.
245 14 - TITLE STATEMENT
Title The President, Congress, and legislation,
260 ## - PUBLICATION, DISTRIBUTION, ETC. (IMPRINT)
Place of publication, distribution, etc. New York,
Name of publisher, distributor, etc. Columbia university press;
Place of publication, distribution, etc. London,
Name of publisher, distributor, etc. P. S. King & Staples, ltd.,
Date of publication, distribution, etc. 1946.
300 ## - PHYSICAL DESCRIPTION
Extent 478 p.
Dimensions 23 cm.
610 10 - SUBJECT ADDED ENTRY--CORPORATE NAME
Corporate name or jurisdiction name as entry element United States.
Subordinate unit Congress.
650 #0 - SUBJECT ADDED ENTRY--TOPICAL TERM
Topical term or geographic name as entry element Legislation
Geographic subdivision United States.
650 #0 - SUBJECT ADDED ENTRY--TOPICAL TERM
Topical term or geographic name as entry element Executive power
Geographic subdivision United States.
906 ## - LOCAL DATA ELEMENT F, LDF (RLIN)
a 0
b cbc
c premunv
d u
e ncip
f 19
g y-gencatlg
942 ## - ADDED ENTRY ELEMENTS (KOHA)
Source of classification or shelving scheme Dewey Decimal Classification
Koha item type BOOKS
Holdings
Withdrawn status Lost status Source of classification or shelving scheme Damaged status Not for loan Home library Current library Shelving location Date acquired Total Checkouts Full call number Barcode Date last seen Price effective from Koha item type
    Dewey Decimal Classification     Dodoma Dodoma Ground Floor 07/05/2026   320.4 CHA LIB003516 07/05/2026 07/05/2026 BOOKS

IRDP © 2021 :: Managed by ICT Team